000 00581nam a22001817a 4500
003 NUST - PNEC
005 20170116180807.0
008 150423b xxu||||| |||| 00| 0 eng d
020 _a1857530306
040 _cLIBRARY
082 _a355. RUS
100 _93095
_aRoyal United Services Institute for Defence Studies
245 _aRusi and Brassey's Defence Yearbook, 1992
_c Royal United Services Institute for Defense Studies
260 _aNewYork :
_bBrassey's (UK) Ltd;
_cc1992.
300 _a293 p. :
650 _93098
_aMilitary art and science
_xGeneral
942 _2ddc
_cBK
999 _c63246
_d63246